000 01918nam a22001577a 4500
999 _c522552
_d522552
008 230421b ||||| |||| 00| 0 eng d
100 _aDayashankar, Maurya and Hense, Sibasis
_940139
245 _aUnintended effects of policy interactions in the health sector: A case of Kerala, India
260 _aIndian Journal of Public Administration
300 _a69(1), Mar, 2023: p. 138-150
520 _aThe governments of developing countries, including India, are pursuing policy mixes in collaboration with the private sector to strengthen the public health system. However, little is known about the interaction of public policies with different instrument logics. We conducted a contextual analysis of two health policies with different instrument logics—emergency care and social health insurance programme—for over a decade in Kerala, employing primary and secondary data, government reports, newspaper articles, and published and unpublished literature. Our analysis suggests that the competition between policies has led to policies working at crossroads. The low political salience of emergency care has led to the diversion of resources and attention to government health insurance programmes. Thus, emergency care is increasingly facilitated at private facilities, shifting the government’s role from service delivery to financing. Our findings also highlight that the interaction effects among health policies receive limited attention among researchers and practitioners. These findings are relevant to countries of similar economies undergoing New Public Management reforms leading to the weakening of the public system in dealing with health functions such as emergency care.- Reproduced
650 _aPolicy interaction, Public health, Emergency care, New public management reforms.
_937818
773 _aIndian Journal of Public Administration
906 _aHEALTH SERVICES
942 _cAR